Power, Politics and the People (Record no. 13771)

MARC details
000 -LEADER
fixed length control field 00600nam a2200229 a 4500
020 ## - INTERNATIONAL STANDARD BOOK NUMBER
ISBN 184331X
082 00 - DEWEY DECIMAL CLASSIFICATION NUMBER
Classification number 954.0072
Author Cutter GUP
100 ## - MAIN ENTRY--AUTHOR NAME
Author name Gupta, Partha Sarathi
245 ## - TITLE STATEMENT
Title Power, Politics and the People
Sub title Studies in British Imperialism
260 ## - PUBLICATION, DISTRIBUTION, ETC. (IMPRINT)
Place of publication London
Name of publisher Anthem Press
Year of publication 2002
300 ## - PHYSICAL DESCRIPTION
Number of Pages 528p
500 ## - GENERAL NOTE
General note includes index and biblioraphy
505 2# - FORMATTED CONTENTS NOTE
Formatted contents note Index
650 ## - SUBJECT ADDED ENTRY--TOPICAL TERM
Topical Term India-Historiography
942 ## - ADDED ENTRY ELEMENTS (KOHA)
Koha item type Books
Holdings
Collection code Home library Current library Date acquired Cost, normal purchase price Full call number Accession Number Koha item type
  Henry Martyn Institute Library Henry Martyn Institute Library 08/27/2013 550.00 954.0072 GUP 021131 Books
                   Copyright © 2026 | Henry Martyn Institute | Hyderabad | TS-500052 | INDIA | Implemented by hmi.edu.in
Hit-Count:

Powered by Koha